000 00682nam a22002057a 4500
003 0
005 20250820153844.0
008 250820b xxu||||| |||| 00| 0 eng d
020 _a978-1-5296-1051-2
050 _aH 61
_b.S24 2025
245 _aThe Sage handbook of qualitative research quality /
_cedited by Uwe Flick.
260 _aLondon :
_bSage,
_c2025.
300 _axxiv, 604 pages :
_billustrations ;
_c26 cm.
504 _aIncludes bibliographical references and index.
650 _aQualitative research
_xMethodology.
650 _aSocial sciences
_xResearch
_xMethodology.
650 _aResearch
_xEvaluation.
650 _aResearch
_xQuality control.
942 _2lcc
_cBK
999 _c367550
_d367550